000 00475nam a2200181Ia 4500
005 20240730014336.0
008 240331s9999 xx 000 0 und d
020 _a0226557235
082 _bMCD
_a294
100 _aMcDaniel,J
245 4 _aThe madness of the saints :
_becstatic religion in Bengla
260 _aLondon
_bThe University of Chicago Press
_c1989
300 _axi, 335 p .,
650 _aReligion
650 _a Rituals
650 _aTraditional
942 _cL
999 _c3733
_d3733